Március 1-én megkezdi működését Szegeden a Földművelésügyi Igazgatóság Ülést tartott a közigazgatási bizottság

Elmentve itt :
Bibliográfiai részletek
Dokumentumtípus: Cikk
Megjelent: 1949-02-16
Sorozat:Délmagyarország
Kulcsszavak:Gyáni Imre, Dénes Leó, Városi ügyek Szeged, Földművelésügy Szeged 1949
Online Access:http://dmarchiv.bibl.u-szeged.hu/52165
LEADER 00554nab a2200145 i 4500
001 delm52165
005 20180927141942.0
008 180927s1949 hu o 0|| hun d
040 |a SZTE Délmagyarország Archívum  |b hun 
041 |a hun 
245 0 0 |a Március 1-én megkezdi működését Szegeden a Földművelésügyi Igazgatóság   |h [elektronikus dokumentum] :  |b Ülést tartott a közigazgatási bizottság 
260 |c 1949-02-16 
300 |a 4 
490 0 |a Délmagyarország 
695 |a Gyáni Imre, Dénes Leó, Városi ügyek Szeged, Földművelésügy Szeged 1949